Logika činu / Maurice Blondel ; [z fr. orig. přel. Karel Říha ; předml. Peter Henrici ; graf. upr. Lubomír Šedivý]
Record details
- ISBN: 80-86036-56-1
- Physical Description: 75 s.
- Edition: Vyd. 1.
- Publisher: Svitavy : Trinitas, 2001
Content descriptions
| Bibliography, etc. Note: | Bibliogr. s. 75 |
Search for related items by subject
| Subject: | Antropologie filozofická filozofie náboženství Filozofie vůle Katolicismus Spiritualismus Spiritualita |
Search for related items by series
Available copies
- 1 of 1 copy available at Common Catalog SPOK.
Holds
- 0 current holds with 1 total copy.
Show Only Available Copies
| Location | Call Number / Copy Notes | Barcode | Shelving Location | Status | Due Date |
|---|---|---|---|---|---|
| Jabok Library | FL-3/Bl | 424480033143 | Odborná literatura | Available | - |
| LDR | 02015cam a22004817a 4500 | ||
|---|---|---|---|
| 001 | 18214 | ||
| 003 | CZ-PrJAB | ||
| 005 | 20140109100049.0 | ||
| 008 | 030519s2001 xr |||||r|||||||||||cze|d | ||
| 015 | . | ‡acnb000889699 | |
| 020 | . | ‡a80-86036-56-1 | |
| 035 | . | ‡a(CZ PrCU)000696825 | |
| 040 | . | ‡aABD001 ‡bcze ‡cABD001 ‡dABD001 ‡dABD064 ‡dABD027 | |
| 041 | 0 | . | ‡acze |
| 100 | 1 | . | ‡aBlondel, Maurice ‡4aut |
| 245 | 1 | 0. | ‡aLogika činu / ‡cMaurice Blondel ; [z fr. orig. přel. Karel Říha ; předml. Peter Henrici ; graf. upr. Lubomír Šedivý] |
| 250 | . | ‡aVyd. 1. | |
| 260 | . | ‡aSvitavy : ‡bTrinitas, ‡c2001 | |
| 300 | . | ‡a75 s. | |
| 490 | 1 | . | ‡aStudium ; ‡vSv. 147 |
| 504 | . | ‡aBibliogr. s. 75 | |
| 650 | 0 | 7. | ‡aAntropologie filozofická ‡2phffuk |
| 650 | 0 | 7. | ‡afilozofie náboženství ‡2phffuk |
| 650 | 0 | 7. | ‡aFilozofie vůle ‡2phffuk |
| 650 | 0 | 7. | ‡aKatolicismus ‡2phffuk |
| 650 | 0 | 7. | ‡aSpiritualismus ‡2phffuk |
| 650 | 0 | 7. | ‡aSpiritualita ‡2phffuk |
| 700 | 1 | . | ‡aŘíha, Karel ‡4trl |
| 700 | 1 | . | ‡aHenrici, Peter, ‡d1928- ‡7xx0013004 ‡4aui |
| 700 | 1 | . | ‡aŠedivý, Lubomír ‡4bkd |
| 710 | 2 | . | ‡aKřesťanská akademie v Římě ‡7kn20020321274 |
| 830 | 0. | ‡aStudium | |
| 910 | . | ‡aABG312 | |
| 901 | . | ‡a18214 ‡b ‡c18214 ‡tbiblio | |